000 00941nam a2200301Ia 4500
001 10027
003 IT-RoPAU
008 130308s9999 xx 000 0 und d
040 _aIT-RoPAU
040 _cIT-RoPAU
041 _aITALIANO
100 _aCaprioli Franco
100 _gCodice Aut. SPICS: 8469
245 _aMio cuore è una spada (Il)
245 _bMio Cuore è una Spada (Il)
250 _a1a ed.
260 _aMILANO
260 _bEp/Famiglia Cristiana
260 _c1973 [1° Ed.:1973 - Ed.Ling.Originale:1973]
300 _a"44 p. (prefazione: no ; testo: 44)"
500 _aFumetto di Avventure Ambientato in Giappone Altri Due Racconti: Il ritorno del Soldatino Come Fu che le Statue Cambiarono Piedistallo Albi del Giornalino Introduzione di Claudio Bertieri
650 _aAUTORI/OPERE DI FUMETTO
650 _eCodice materia Spics: 6707
942 _cBK
957 _71
999 _c70219
_d70219
999 _bSI
999 _g1